The elevated way (Record no. 86797)

MARC details
000 -LEADER
fixed length control field 00668cam a22002411 4500
001 - CONTROL NUMBER
control field sa 68015920
003 - CONTROL NUMBER IDENTIFIER
control field DLC
005 - DATE AND TIME OF LATEST TRANSACTION
control field 20260227112649.0
008 - FIXED-LENGTH DATA ELEMENTS--GENERAL INFORMATION
fixed length control field 700701s1968 ii 000 0 eng
010 ## - LIBRARY OF CONGRESS CONTROL NUMBER
LC control number sa 68015920
025 ## - OVERSEAS ACQUISITION NUMBER
Overseas acquisition number PL480:I-E-10126
040 ## - CATALOGING SOURCE
Original cataloging agency DLC
Transcribing agency DLC
Modifying agency DLC
050 00 - LIBRARY OF CONGRESS CALL NUMBER
Classification number BL1146.V3
Item number E4
082 00 - DEWEY DECIMAL CLASSIFICATION NUMBER
Classification number 294.5/44
100 1# - MAIN ENTRY--PERSONAL NAME
Personal name Vaidyanathan, K. S.
245 14 - TITLE STATEMENT
Title The elevated way
Statement of responsibility, etc. [by] K. S. Vaidyanathan.
260 ## - PUBLICATION, DISTRIBUTION, ETC.
Place of publication, distribution, etc. [Madras]
Name of publisher, distributor, etc. Distributors: Higginbothams,
Date of publication, distribution, etc. 1968.
300 ## - PHYSICAL DESCRIPTION
Extent 216 p.
Dimensions 22 cm.
350 ## - PRICE (NR) (BK AM CF MU VM SE) [OBSOLETE]
Price 6.00
500 ## - GENERAL NOTE
General note "The Satwa plane life": leaf (inserted)
650 #0 - SUBJECT ADDED ENTRY--TOPICAL TERM
Topical term or geographic name entry element Religious life
General subdivision Hinduism.
650 #0 - SUBJECT ADDED ENTRY--TOPICAL TERM
Topical term or geographic name entry element Hinduism
General subdivision Doctrines.

No items available.

Powered by Koha